01128nam a2200265Ia 4500001000600000003000900006008004100015040001300056040001300069041001300082100001100095100002900106245006500135245006500200250001100265260001000276260001100286260004900297300004300346500035700389650003400746650003100780700002200811700002900833D4678IT-RoPAU130308s9999 xx 000 0 und d aIT-RoPAU cIT-RoPAU aFRANCESE aAA.VV. gCodice Aut. SPICS: 12000 aHypertextes et hypermedias: realisations, outils et methodes bHypertextes et Hypermedias: Realisations, Outils et Methodes a1a ed. aPARIS bHermes c1995 [1° Ed.:1995 - Ed.Ling.Originale:1995] a"320 p. (prefazione: no ; testo: 320)" aIpertesti e Ipermedia: Realizzazioni, Strumenti e Metodi. Ergonomia e Concezione. Dal Documento Alla Sua rappresentazione Ipertestuale. sistemi di gestione di Documenti Ipermedia. Educazione e Ipermedia. Molteplicità dell'Intelligenza e Ipermedia. Ergosfera: Iscrizione Scientifica, Artistica e sociologica di una Metafora. contributi di Autori Vari. aTECNICA DELLA MULTIMEDIALITA' eCodice materia Spics: 4252 aBalpe Jean-Pierre gCodice Aut. SPICS: 44847